Вопросы теории и практики переработки сырья и продуктов цветной металлургии Казахстана: межвузовский сборник научных трудов

Xehetasun bibliografikoak
Erakunde egilea: Казахский политехнический институт (КазПТИ)
Beste egile batzuk: Плаховская А. Л. (редактор)
Hizkuntza:errusiera
Argitaratua: Алма-Ата, Изд-во КазПТИ, 1982
Gaiak:
Formatua: Liburua
KOHA link:https://koha.lib.tpu.ru/cgi-bin/koha/opac-detail.pl?biblionumber=160926

MARC

LEADER 00000nam0a2200000 4500
001 160926
005 20231031155742.0
035 |a (RuTPU)RU\TPU\book\174520 
090 |a 160926 
100 |a 20090601d1982 m y0rusy50 ca 
101 0 |a rus 
102 |a KZ 
105 |a a z 001zy 
200 1 |a Вопросы теории и практики переработки сырья и продуктов цветной металлургии Казахстана  |e межвузовский сборник научных трудов  |f Казахский политехнический институт (КазПТИ); под ред. А. Л. Плаховской 
210 |a Алма-Ата  |c Изд-во КазПТИ  |d 1982 
215 |a 124 с.  |c ил. 
320 |a Библиография в конце статей 
610 1 |a цветная металлургия 
610 1 |a Казахстан 
610 1 |a сырье 
610 1 |a переработка 
610 1 |a теория 
610 1 |a практика 
610 1 |a сборники 
675 |a 669.2/8  |v 3 
675 |a 622.343/349  |v 3 
702 1 |a Плаховская  |b А. Л.  |4 340 
712 0 2 |a Казахский политехнический институт (КазПТИ)  |c (1960-1994)  |c (Алма-Ата)  |2 stltpush  |3 (RuTPU)RU\TPU\col\316 
801 1 |a RU  |b 63413507  |c 20090601  |g PSBO 
801 2 |a RU  |b 63413507  |c 20100525  |g RCR 
942 |c BK